| 000 | 01288cab a2200241 4500 | ||
|---|---|---|---|
| 001 | ABS68178 | ||
| 008 | 040818n2004 000 0 eng u | ||
| 035 | _a(Sirsi) u127098 | ||
| 100 | _aThomas, J. | ||
| 245 | _aDevelopers will pay for dishing the dirt | ||
| 260 | _c2004 | ||
| 490 |
_aEstates Gazette _v(0431) 31 July 2004, 84-85(2) |
||
| 520 | _aExamines the implications of the Landfill (England and Wales) (Amendment) Regulations 2004 for developers. The final phase of the landfill directive (Directive 99/31/EC) is now in force with hazardous waste only being accepted at sites where the operators have the appropriate designation and permits. Focuses on Ireland which is already fully compliant with the EU directive. In Ireland, waste disposal has been in crisis for years with sites close to capacity and no hazardous waste sites available. Consequently, this has forced the development of alternative remediation technologies. | ||
| 590 | _aABS | ||
| 650 | _aDIRECTIVE 99/31/EC | ||
| 650 | _aLANDFILL SITES | ||
| 650 | _aLANDFILL (ENGLAND AND WALES) (AMENDMENT) REGULATIONS 2004 | ||
| 650 | _aWASTE DISPOSAL CONTRACTORS | ||
| 650 | _aHAZARDOUS WASTE | ||
| 650 | _aBROWNFIELD SITES | ||
| 690 | _aENVIRONMENTAL AND LAND CONSULTANCY-WASTE MANAGEMENT | ||
| 942 | _n0 | ||
| 999 |
_c74505 _d74505 |
||